Kymissala : archaeology - education - sustainability /

Kymissala, on the southwest coast of Rhodes, is an area of great archaeological interest. Here, after ten years of systematic research, in terms of archaeology, education and sustainable development, 14 original studies are presented, constituting the first complete presentation of the area of Kymis...

وصف كامل

محفوظ في:

مؤلفون آخرون: Stephanakēs, Manolēs I. (المحرر)

التنسيق: كتاب الكتروني

اللغة: Greek

منشور في: Summertown, Oxford : Archaeopress Publishing Ltd, 2018.

الموضوعات:

الوصول للمادة أونلاين: Login to view Source

الوسوم: إضافة وسم

لا توجد وسوم, كن أول من يضع وسما على هذه التسجيلة!

رقم الطلب: DF221.R56

LEADER 01895nam a2200397 i 4500
001 EDZ0001947705
003 StDuBDS
005 20230412182123.0
006 m|||||o||d||||||||
007 cr |||||||||||
008 180403s2018 enka fob 000|0|gre|d
020 |a 9781784917692 (ebook) :  |c No price 
040 |a StDuBDS  |b eng  |c StDuBDS  |e rda  |e pn 
050 4 |a DF221.R56 
082 0 4 |a 939.16  |2 23 
245 0 0 |a Kymissala :  |b archaeology - education - sustainability /  |c Manolis I. Stefanakis. 
264 1 |a Summertown, Oxford :  |b Archaeopress Publishing Ltd,  |c 2018. 
300 |a 1 online resource (xii, 192 pages) :  |b illustrations (black and white, and colour) 
336 |a text  |2 rdacontent 
336 |a still image  |2 rdacontent 
337 |a computer  |2 rdamedia 
338 |a online resource  |2 rdacarrier 
500 |a Previously issued in print: 2018. 
504 |a Includes bibliographical references. 
520 8 |a Kymissala, on the southwest coast of Rhodes, is an area of great archaeological interest. Here, after ten years of systematic research, in terms of archaeology, education and sustainable development, 14 original studies are presented, constituting the first complete presentation of the area of Kymissala and the work in progress. 
521 |a Specialized. 
588 |a Description based on online resource; title from home page (viewed on October 4, 2018). 
650 0 |a Excavations (Archaeology)  |z Greece  |z Kymissala. 
651 0 |a Kymissala (Greece)  |x Antiquities. 
651 0 |a Kymissala (Greece)  |x History. 
700 1 |a Stephanakēs, Manolēs I.,  |e editor. 
776 0 8 |i Print version :  |z 9781784917685 
856 4 0 |3 Archaeopress  |u http://library.arce.org:8087/Archaeopress/Products/9781784917685 
942 |2 lcc  |c EBOOK 
952 |0 0  |1 0  |4 0  |6 DF0221 R56  |7 1  |9 46352  |a ARCH  |b ARCH  |d 2023-04-12  |l 0  |o DF221.R56  |r 2023-04-12 00:00:00  |w 2023-04-12  |y EBOOK 
999 |c 52010  |d 52010